[Event "AUTO-OPEN-1548"]
[Site "http://www.queenalice.com/game.php?id=586548"]
[Date "2009.5.11"]
[Round "1"]
[White "Cristiano_Siqueira"]
[Black "doomedbr"]
[Result "0-1"]
[WhiteElo "999"]
[BlackElo "1887"]

1. e4 Nf6 2. Nc3 e6 3. d4 d5 4. Bg5 Bb4 5. e5 Nc6 6. exf6 gxf6 7. Be3 e5 8. Bb5
Qd6 9. Nf3 Bg4 10. O-O e4 11. Bxc6+ bxc6 12. a3 Bxc3 13. bxc3 exf3 14. g3 O-O
0-1

[Event "AUTO-OPEN-1548"]
[Site "http://www.queenalice.com/game.php?id=586565"]
[Date "2009.5.11"]
[Round "1"]
[White "dreamer"]
[Black "Cristiano_Siqueira"]
[Result "1-0"]
[WhiteElo "1346"]
[BlackElo "1100"]

1. Nf3 d5 2. d4 Nc6 3. a3 Bf5 4. e3 Nf6 5. c4 e6 6. cxd5 exd5 7. Nc3 Be7 8. Be2
Ne4 9. Bd2 Qd7 10. Qb3 Na5 11. Qd1 1-0

[Event "AUTO-OPEN-1548"]
[Site "http://www.queenalice.com/game.php?id=586566"]
[Date "2009.5.11"]
[Round "1"]
[White "Cristiano_Siqueira"]
[Black "dreamer"]
[Result "0-1"]
[WhiteElo "1023"]
[BlackElo "1352"]

1. e4 e6 2. d4 d5 3. Nc3 dxe4 4. Nxe4 Be7 5. Nf3 b6 6. Bc4 Bb7 7. Qe2 Nf6 8. O-O
Nxe4 9. Be3 Nf6 10. Rfd1 O-O 11. Qd3 c5 12. Rd2 Bxf3 0-1

[Event "Challenge"]
[Site "http://www.queenalice.com/game.php?id=602180"]
[Date "2009.6.12"]
[Round "-"]
[White "Cristiano_Siqueira"]
[Black "filipewao"]
[Result "1-0"]
[WhiteElo "999"]
[BlackElo "1533"]

1. d4 d5 2. c4 dxc4 3. Nf3 e6 4. e3 Nc6 5. Bxc4 Bb4+ 6. Bd2 Ba5 7. Bxa5 Nxa5 8.
Qa4+ Nc6 9. O-O Nf6 10. Ne5 Bd7 11. Qb3 b6 12. Nxc6 Bxc6 13. Bxe6 O-O 14. Rc1
Qe7 15. Rxc6 a5 16. Bh3 Qe4 17. Rxc7 Nh5 18. Nd2 Qe8 19. Qxb6 Rb8 20. Qxa5 Rb5
21. Qc3 Nf6 22. Qc2 g5 23. a4 Rd5 24. Bf5 g4 25. Rc8 Rd8 26. Rc5 h5 27. Re5 Rc8
28. Rxe8 Rxc2 29. Rxf8+ Kxf8 30. Bxc2 h4 31. a5 Nd7 32. Bf5 Nb8 33. a6 Nxa6 34.
Rxa6 Kg7 35. Bxg4 f5 36. Bxf5 h3 37. Bxh3 Kf7 38. b4 Ke7 39. f4 Kf7 40. Kf2 Ke7
41. d5 Kd8 42. Rc6 Ke7 43. b5 Kd8 44. b6 Ke7 45. b7 Kd8 46. b8=Q+ Ke7 47. Qb7+
Kd8 48. Rc8# 1-0

[Event "Challenge"]
[Site "http://www.queenalice.com/game.php?id=604518"]
[Date "2009.6.16"]
[Round "-"]
[White "filipewao"]
[Black "Cristiano_Siqueira"]
[Result "0-1"]
[WhiteElo "1505"]
[BlackElo "1085"]

1. e4 e5 2. Nf3 Nc6 3. Bc4 Nf6 4. c3 Nxe4 5. O-O d5 6. Bb5 f6 7. Bxc6+ bxc6 8.
d3 Nd6 9. d4 e4 10. Ne1 Ba6 11. Nd3 Bxd3 12. Re1 Be7 13. Nd2 O-O 14. f3 f5 15.
Nb3 Nb7 16. f4 a5 17. Be3 a4 18. Nc5 Bxc5 19. dxc5 Qe7 20. Bd4 Nxc5 21. b4 axb3
22. axb3 Rxa1 23. Qxa1 Nxb3 24. Qa7 Nxd4 25. Qxd4 Ra8 26. Kf2 Qh4+ 27. Ke3 Qxe1#
0-1

[Event "Partida valendo o BUTÃO"]
[Site "http://www.queenalice.com/game.php?id=607219"]
[Date "2009.6.22"]
[Round "-"]
[White "Cristiano_Siqueira"]
[Black "filipewao"]
[Result "1-0"]
[WhiteElo "1085"]
[BlackElo "1515"]

1. d4 d5 2. c4 dxc4 3. Nf3 Nf6 4. e3 e6 5. Bxc4 c5 6. O-O cxd4 7. exd4 Nc6 8.
Nc3 Be7 9. Be3 O-O 10. Ne5 Bd6 11. f4 a6 12. Rc1 Nd7 13. Ne4 Ncxe5 14. fxe5 Bc7
15. Bg5 f6 16. Bxe6+ Kh8 17. Bxd7 Qxd7 18. exf6 g6 19. Bh6 Re8 20. f7 Rf8 21.
Bxf8 h5 22. Bg7+ Kh7 23. Nf6+ Kxg7 24. Nxd7 Bd6 25. f8=Q+ Bxf8 26. Nxf8 Bg4 27.
Rc7+ Kh6 28. Qd2+ g5 29. Rf6# 1-0

[Event "Challenge"]
[Site "http://www.queenalice.com/game.php?id=610092"]
[Date "2009.6.28"]
[Round "-"]
[White "nandobr"]
[Black "Cristiano_Siqueira"]
[Result "0-1"]
[WhiteElo "1414"]
[BlackElo "1085"]

1. e4 e5 2. Nc3 Nf6 3. Nd5 Nxd5 4. exd5 Bc5 5. Qf3 O-O 6. Bd3 d6 7. Qe4 f5 8.
Qf3 e4 9. Qh3 exd3 10. Nf3 Qe7+ 11. Kf1 Qe2+ 12. Kg1 Bxf2# 0-1

[Event "Partida valendo 1 Double Whopper"]
[Site "http://www.queenalice.com/game.php?id=623987"]
[Date "2009.7.24"]
[Round "-"]
[White "filipewao"]
[Black "Cristiano_Siqueira"]
[Result "0-1"]
[WhiteElo "1574"]
[BlackElo "1128"]

1. e4 c5 2. g3 Nc6 3. Bg2 g6 4. Nf3 Bg7 5. O-O d6 6. d4 cxd4 7. c3 dxc3 8. Nxc3
Nf6 9. Bg5 O-O 10. Qe2 h6 11. Be3 Be6 12. Qd2 Ng4 13. h3 Nxe3 14. Qxe3 Qd7 15.
a3 Bxh3 16. Bxh3 Qxh3 17. Nh2 Rac8 18. Qf3 Nd4 19. Qg2 Qxg2+ 20. Kxg2 Nb3 21.
Rae1 Bxc3 22. bxc3 Rxc3 23. e5 Nd2 24. Rh1 dxe5 25. Rxe5 e6 26. Ng4 h5 27. Nf6+
Kg7 28. Nd7 Rd8 29. Nc5 b6 30. Ne4 Rxa3 31. Rd1 Rad3 32. Ra1 Nc4 33. Rg5 R8d4
34. f3 f5 35. Rxa7+ Kh6 36. Re7 fxe4 37. Rxe6 exf3+ 38. Kf2 Kxg5 39. Re8 Rd2+
40. Kxf3 R4d3+ 41. Re3 Rxe3# 0-1

[Event "Partida valendo 1 Açaí Gigante"]
[Site "http://www.queenalice.com/game.php?id=633025"]
[Date "2009.8.8"]
[Round "-"]
[White "Cristiano_Siqueira"]
[Black "filipewao"]
[Result "1-0"]
[WhiteElo "1128"]
[BlackElo "1573"]

1. e4 e5 2. Nf3 Nc6 3. Bb5 Bc5 4. O-O a6 5. Ba4 b5 6. Bb3 h6 7. Nxe5 Nxe5 8. d4
Bxd4 9. Qxd4 d6 10. f4 c5 11. Qc3 Nc6 12. Qxg7 Qf6 13. Qxf6 Nxf6 14. e5 Nh7 15.
a4 b4 16. exd6 Be6 17. Bxe6 fxe6 18. Be3 c4 19. Nd2 c3 20. bxc3 bxc3 21. Ne4 Nb4
22. Bc5 Nxc2 23. Rac1 O-O 24. Rxc2 Rf5 25. Rxc3 Nf6 26. Nxf6+ Rxf6 27. d7 Rf7
28. Be7 Rxe7 29. Rc8+ Kf7 30. d8=Q Rxc8 31. Qxc8 Kf6 32. f5 exf5 33. Qxf5+ Kg7
34. Qf6+ Kh7 35. Qxe7+ Kg8 36. Rf8# 1-0

[Event "Partida valendo Nada"]
[Site "http://www.queenalice.com/game.php?id=644879"]
[Date "2009.8.31"]
[Round "-"]
[White "filipewao"]
[Black "Cristiano_Siqueira"]
[Result "0-1"]
[WhiteElo "1544"]
[BlackElo "1128"]

1. e4 c5 2. c4 Nc6 3. Be2 Nd4 4. Nf3 Nxe2 5. Qxe2 d6 6. d4 cxd4 7. Nxd4 e5 8.
Nf3 Nf6 9. Bg5 Be7 10. Nc3 Be6 11. b4 Rc8 12. c5 dxc5 13. b5 O-O 14. Nxe5 Qd4
15. Bd2 Qxe5 16. O-O Rfd8 17. f4 Qd4+ 18. Qe3 Qxd2 19. Qxd2 Rxd2 20. e5 Bc4 21.
Rfe1 Nd5 22. Ne4 Rc2 23. a4 Nxf4 24. h3 Rxg2+ 25. Kh1 Rc2 26. Rad1 Be2 27. Rd7
Bf3+ 28. Kg1 Nxh3+ 29. Kf1 Bg2# 0-1

[Event "Partida valendo o nada absoluto "]
[Site "http://www.queenalice.com/game.php?id=691806"]
[Date "2009.12.2"]
[Round "-"]
[White "filipewao"]
[Black "Cristiano_Siqueira"]
[Result "0-1"]
[WhiteElo "1559"]
[BlackElo "1160"]

1. e4 c5 2. Nf3 Nc6 3. Bb5 e6 4. d4 Qa5+ 5. Nc3 cxd4 6. Nxd4 Bb4 7. Nb3 Bxc3+ 8.
Bd2 Bxd2+ 9. Nxd2 Qxb5 10. b3 Nf6 11. c4 Qe5 12. O-O Nxe4 13. Nf3 Qb2 14. Re1
Qxf2+ 15. Kh1 Nc3 16. Qd3 Nxa2 17. Qd6 Nab4 18. Ne5 Qd4 19. c5 Qxd6 20. cxd6 Nc2
21. Nf3 O-O 22. h4 Re8 23. g4 f5 24. g5 e5 25. Rg1 Nxa1 26. Rxa1 e4 27. Nd2 e3
28. Nf3 Re6 29. b4 Rxd6 30. h5 Nxb4 31. g6 hxg6 32. hxg6 Rxg6 33. Nh4 Rh6 34.
Re1 Rxh4+ 35. Kg2 f4 36. Kf3 b5 37. Rb1 Bb7+ 38. Ke2 Rh2+ 39. Ke1 Rh1+ 40. Ke2
Rc8 41. Rxb4 Rh2+ 42. Kd3 Rd2# 0-1

[Event "Partida valendo 1 Salgado !!!"]
[Site "http://www.queenalice.com/game.php?id=726537"]
[Date "2010.2.6"]
[Round "-"]
[White "Cristiano_Siqueira"]
[Black "filipewao"]
[Result "1-0"]
[WhiteElo "1194"]
[BlackElo "1568"]

1. d4 Nc6 2. e4 e5 3. d5 Nb8 4. Nf3 d6 5. Bb5+ Bd7 6. Bxd7+ Nxd7 7. c4 Ngf6 8.
Nc3 g6 9. Be3 Bg7 10. O-O O-O 11. Nd2 c6 12. dxc6 bxc6 13. Qf3 Nc5 14. Bxc5 dxc5
15. Nb3 Rb8 16. Rad1 Qc7 17. Na4 Rfd8 18. Naxc5 a5 19. Na6 Qe7 20. Nxb8 Rxb8 21.
Nxa5 Rxb2 22. Nxc6 Qc5 23. Rd8+ Bf8 24. Qxf6 Rb7 25. Nxe5 Qe7 26. Qxe7 Rxe7 27.
Nd7 Rxe4 28. Nf6+ Kh8 29. Nxe4 Kg7 30. Rfd1 Be7 31. c5 Bxd8 32. Rxd8 f5 33. Rd7+
Kh6 34. c6 fxe4 35. c7 Kh5 36. c8=Q e3 37. fxe3 h6 38. a4 g5 39. a5 Kh4 40. a6
h5 41. a7 Kg4 42. Rd4# 1-0

[Event "Partida valendo 1 Salgado do Zé"]
[Site "http://www.queenalice.com/game.php?id=733036"]
[Date "2010.2.16"]
[Round "-"]
[White "filipewao"]
[Black "Cristiano_Siqueira"]
[Result "0-1"]
[WhiteElo "1581"]
[BlackElo "1225"]

1. e4 e5 2. Nf3 Nf6 3. Bc4 Nxe4 4. d3 Nf6 5. Nxe5 d5 6. Bb3 Bd6 7. d4 O-O 8. O-O
Re8 9. Re1 c5 10. c3 Nc6 11. Bf4 Bf5 12. Bg5 cxd4 13. Nxc6 Rxe1+ 14. Qxe1 bxc6
15. cxd4 Bxh2+ 16. Kxh2 Ng4+ 17. Kg1 Qxg5 18. Nd2 Qf4 19. Nf3 Be4 20. g3 Qxf3
21. Kf1 Nh2+ 22. Kg1 Qg2# 0-1

[Event "CRISTIANÍSSIMO x FIDELÍSSIMO"]
[Site "http://www.queenalice.com/game.php?id=768586"]
[Date "2010.4.30"]
[Round "-"]
[White "filipewao"]
[Black "Cristiano_Siqueira"]
[Result "0-1"]
[WhiteElo "1601"]
[BlackElo "1255"]

1. e4 e5 2. Nf3 Nc6 3. Bc4 Nf6 4. d3 Bc5 5. Bg5 h6 6. Bd2 d5 7. Bb3 dxe4 8. dxe4
Nxe4 9. O-O O-O 10. Be3 Qe7 11. Bd5 Rd8 12. c4 Bxe3 13. fxe3 Nb4 14. Nfd2 Nxd5
15. cxd5 Rxd5 16. Qf3 Rxd2 17. Qxe4 Rxb2 18. Nc3 Qg5 19. g3 Qh5 20. Rad1 Qxh2#
0-1